| 000 | 01052cam a2200301 i 4500 | ||
|---|---|---|---|
| 001 | 200447153 | ||
| 999 |
_c200447153 _d65365 |
||
| 003 | TR-AnTOB | ||
| 005 | 20240920073832.0 | ||
| 007 | ta | ||
| 008 | 220207s1999 tu 000 0 tur d | ||
| 040 |
_aTR-AnTOB _beng _erda _cTR-AnTOB _dTR-AnTOB |
||
| 041 | _atur | ||
| 050 |
_bKKX3544 _a.V47 1999 |
||
| 090 |
_aTOBBK KKX3544 _b.V47 1999 |
||
| 245 | 0 | 0 |
_aVergi reforumu : _b(eski kanun - yeni kanun - gerekçe) 4369 sayılı... kanun. _cMaliye Bakanlığı Gelirler Genel Müdürlüğü. |
| 264 | 1 |
_aAnkara : _bTürkiye Bankalar Birliği, _bTÜRMOB, _c1999. |
|
| 300 |
_a364 pages ; _c21 cm |
||
| 336 |
_atext _btxt _2rdacontent |
||
| 337 |
_aunmediated _bn _2rdamedia |
||
| 338 |
_avolume _bnc _2rdacarrier |
||
| 650 | 7 |
_aVergilendirme _xHukuk ve mevzuat _zTürkiye _2 _937 |
|
| 650 | 0 |
_aTaxation _zTurkey _987333 |
|
| 710 | 1 |
_aTurkey. _bMaliye Bakanlığı _9106820 |
|
| 730 | 0 |
_aMaliye Bakanlığı. _pGelirler Genel Müdürlüğü (Series) |
|
| 942 |
_2z _cBK |
||